000 00299nam a2200109Ia 4500
008 171211s9999 xx 000 0 und d
245 4 _aThe Complete Guide to Blender Graphics
245 _cJohn M. Blain
260 _c2009
650 _xDesign
856 _uhttp://down.ebook777.com/060/1498746454.pdf
999 _c347949
_d347949